Economics / (Record no. 3184)

000 -LEADER
fixed length control field 00861cam a2200289 a 4500
001 - CONTROL NUMBER
control field 2472690
003 - CONTROL NUMBER IDENTIFIER
control field OSt
005 - DATE AND TIME OF LATEST TRANSACTION
control field 20170105101211.0
008 - FIXED-LENGTH DATA ELEMENTS--GENERAL INFORMATION
fixed length control field 930812s1991 maua b 001 0 eng d
010 ## - LIBRARY OF CONGRESS CONTROL NUMBER
LC control number 90083021
020 ## - INTERNATIONAL STANDARD BOOK NUMBER
International Standard Book Number 039548278X
035 ## - SYSTEM CONTROL NUMBER
System control number (OCoLC)23043901
040 ## - CATALOGING SOURCE
Original cataloging agency InTR
Transcribing agency InTR
Modifying agency OCoLC
-- OU
-- DLC
042 ## - AUTHENTICATION CODE
Authentication code lccopycat
050 04 - LIBRARY OF CONGRESS CALL NUMBER
Classification number HB171.5
Item number .B6944 1991
082 04 - DEWEY DECIMAL CLASSIFICATION NUMBER
Classification number 330
100 1# - MAIN ENTRY--PERSONAL NAME
Personal name Boyes, William J.
245 10 - TITLE STATEMENT
Title Economics /
Statement of responsibility, etc. William Boyes, Michael Melvin.
260 ## - PUBLICATION, DISTRIBUTION, ETC.
Place of publication, distribution, etc. Boston :
Name of publisher, distributor, etc. Houghton Mifflin,
Date of publication, distribution, etc. c1991.
300 ## - PHYSICAL DESCRIPTION
Extent xxix, 1045, [39] p. :
Other physical details col. ill. ;
Dimensions 26 cm.
504 ## - BIBLIOGRAPHY, ETC. NOTE
Bibliography, etc. note Includes bibliographical references.
650 #0 - SUBJECT ADDED ENTRY--TOPICAL TERM
Topical term or geographic name entry element Economics.
700 1# - ADDED ENTRY--PERSONAL NAME
Personal name Melvin, Michael,
Dates associated with a name 1948-
906 ## - LOCAL DATA ELEMENT F, LDF (RLIN)
a 7
b cbc
c copycat
d 3
e opcn
f 19
g y-gencatlg
942 ## - ADDED ENTRY ELEMENTS (KOHA)
Source of classification or shelving scheme
Koha item type Book
Holdings
Withdrawn status Lost status Source of classification or shelving scheme Damaged status Not for loan Collection code Permanent Location Current Location Shelving location Date acquired Total Checkouts Full call number Barcode Date last seen Price effective from Koha item type
            Central Library (CL) Central Library (CL) General Stacks 05/19/2016   330 BOY S3H-N-623 05/19/2016 05/19/2016 Book
© 2023 Central Library, National University of Sciences and Technology. All Rights Reserved.